| 000 | 00583nam a22001937a 4500 | ||
|---|---|---|---|
| 003 | 0 | ||
| 005 | 20250115113819.0 | ||
| 008 | 250115b xxu||||| |||| 00| 0 eng d | ||
| 022 | _2978-621-435-061-2 | ||
| 050 |
_aQA 310 _b.C58 2021 |
||
| 100 | _aChua, Von Christopher | ||
| 245 |
_aPrecalculus _cChua, Von Christopher |
||
| 260 |
_aBulacan _bKLEAFS Publishing _c2021 |
||
| 300 |
_axiii, 252 pages : _billustrations and pictures ; _c26cm. |
||
| 504 | _aIncludes bibliographical references and glossary. | ||
| 650 | _aMathematics. | ||
| 650 | _aPrecalculus. | ||
| 942 |
_2lcc _cBK |
||
| 999 |
_c366971 _d366971 |
||